| 000 | 00358nam a2200133 a 4500 | ||
|---|---|---|---|
| 005 | 20140414093844.0 | ||
| 008 | 090625s19uu xx uuu eng d | ||
| 050 |
_aVCD 791.43 _bBAR 2006 |
||
| 100 | _aOedekerk, Steve | ||
| 245 |
_aBarnyard : _bthe original party animals / _cSteve Oedekerk. |
||
| 650 | _aMotion pictures. | ||
| 942 | _cAVM | ||
| 999 |
_c109460 _d109460 |
||